Joe Protagoras E Vivo

Պահպանված է:
Մատենագիտական մանրամասներ
Հիմնական հեղինակ: Philip K.Dick
Ձևաչափ: Գիրք
Լեզու:Undetermined
Հրապարակվել է: Feltrinelli
Ցուցիչներ: Ավելացրեք ցուցիչ
Չկան պիտակներ, Եղեք առաջինը, ով նշում է այս գրառումը!

MARC

LEADER 00000nam a2200000Ia 4500
001 R-1802
003 CODICE-MESSINA
005 20260212102522.0
008 260211s9999 xx 000 0 und d
040 |c importazione_messina 
100 |a Philip K.Dick 
245 0 |a Joe Protagoras E Vivo 
260 |b Feltrinelli 
942 |2 ddc  |c BK 
952 |0 0  |1 0  |2 ddc  |4 0  |6 SCAFFALE_18_000000000000000__STANZA_2__ROMANZI  |7 0  |9 32643  |a ME  |b ME  |d 2026-02-11  |l 0  |o SCAFFALE 18 - STANZA 2 - ROMANZI  |p R-1802  |r 2026-02-11 23:53:19  |w 2026-02-11  |x [REVISIONARE]  |y BK 
999 |c 28310  |d 28310